Представление документа в формате RUSMARC

Поле Инд. ПП Название Значение
Тип записи a
Библиографический уровень s
001 Контрольный номер 098dfeb72f9b4f2bb87f2566938b738f
005 Дата корректировки 20250219155600.2
011 a ISSN 1812-3767
102 a Страна публикации RU
200 1_ b Общее обозначение материала Текст
a Заглавие Конституционное и муниципальное право
e Сведения, относящиеся к заглавию научный журнал
203 a Вид содержания Текст : непосредственный
210 1_ c Издательство Юрист
a Место издания Москва
d Дата издания 2019
300 a Общие примечания Хранение 5 лет
300 a Общие примечания Режим доступа: Читальный зал
318 a Действие (Дата размещения 21.01.2019)
326 a Примечания о периодичности (серийного издания) Ежемес.
330 a Аннотация Аналитические материалы о законодательстве регионов, их сравнительный анализ, обзор решений Конституционного суда РФ и конституционных и уставных судов субъектов РФ, избирательное право и избирательные системы, конституционная ответственность, законотворчество, законодательный процесс.
610 0_ a Ключевые слова Периодика 2019
801 _0 a Страна RU
b Организация РГУП
g Правила каталогизации PSBO
801 _1 a Страна RU
b Организация РГУП
g Правила каталогизации PSBO
901 t Тип документа u
905 a Дата ввода 20190121
953 a Вид документа Журнал печатный